1974 1094 1354 1675 1669 1965 1941 1009 1159 1499 1953 1335 1303 1606 1391 1286 1569 1326 1021 1020 1124 1599 1683 1606 1043 1892 1949 1429 1786 1061 1588 1541 1728 1080 1868 1439 1086 1056 1646 1612 1766 1686 1730 1965 1149 1693 1373 1895 1100 1850 1077 1961 1326 1933 1678 1663 1048 1157 1463 1294 1148 1350 1220 1623 1221 1290 1763 1462 1266 1061 1940 1388 1072 1766 1668 1148 1046 1338 1745 1589 1435 1264 1128 1286 1120 1339 1072 1047 1272 1682 1873 1757 1329 1186 1057 1040 1653 1690 1030 BCNSPRNW ULIB Ver.6.0+V

เปลี่ยนเป็นภาษาไทย

Change to English
 แสดงรายละเอียดบรรณานุกรม
  กลับหน้าหลัก

Brief Record : Get Marc (ISO 2709) : E-mail record : QR code < ปิดหน้าต่าง
LEADER : 00000nam 2200000uu 4500
001    13399122755
003     ULIB
008    130913s2555||||th 000 0 tha d
020    ^a9786163050724
060  4 ^aWR600^bพ246A
245 00 ^aApproaches toward the better care of burn and wound /^cบรรณาธิการ พรพรหม เมืองแมน ... [และคนอื่นๆ]
246 30 ^aApproaches toward the better care of burn and wound
250    ^aพิมพ์ครั้งที่ 1
260    ^aกรุงเทพฯ :^bกรุงเทพเวชสาร,^c2555
300    ^a280 หน้า :^bภาพประกอบ
650  7 ^aบาดแผลและบาดเจ็บ
650  7 ^aแผลไหม้
650  7 ^aบาดแผลจากไฟไหม้
700 0  ^aพรพรหม เมืองแมน,^eบรรณาธิการ
945    ^p450^l0^i20199
999    ^aทศพร เกษรทอง
รายการนี้ยังไม่มีแท็ก
คุณยังไม่ได้ล็อกอิน คุณสามารถมีกิจกรรมร่วมกับเว็บไซต์ได้ แต่ต้องล็อกอินก่อน ::
  ล็อกอิน

รายการสื่อสารสนเทศ

ลำดับที่ ประเภท เลขเรียก/บาร์โค้ด สถานที่ สถานะ
1. วิทยาศาสตร์การแพทย์ และสุขภาพ
วิทยาศาสตร์การแพทย์ และสุขภาพ
สถานะ=หนังสือเก่า
WR600 พ246A ฉ.1 
  Barcode: 20199
ห้องสมุดวิทยาเขตนครสวรรค์
►ส่วนจัดเก็บหนังสือเก่า นว.
บนชั้น
  ขอยืม

รายการใกล้เคียง
    หัวเรื่อง [บาดแผลและบาดเจ็บ]
    หัวเรื่อง [แผลไหม้]

BibComment


ยังไม่เคยถูกคอมเมนท์

คอมเมนท์ทรัพยากรรายการนี้
  คอมเมนท์: Approaches towar..


 Copyright 2026. Bcnsprnw @Library